| 000 | 02449nam a2200433Ii 4500 | ||
|---|---|---|---|
| 001 | DIGDYK1194 | ||
| 003 | NyNyDIG | ||
| 008 | 171130s2010 sp ob 000 0 spa d | ||
| 006 | m o d | ||
| 007 | cr ||||||||||| | ||
| 035 | _a(OCoLC)875182283 | ||
| 040 |
_aDGITA _beng _erda _epn _cDGITA |
||
| 020 |
_a9788490316900 _q(eBook ; _qpdf) |
||
| 020 |
_a8490316902 _q(eBook ; _qpdf) |
||
| 020 | _z9788499820958 | ||
| 020 | _z8499820956 | ||
| 043 | _ae-sp--- | ||
| 050 | 1 | 4 | _aKKT4636 eBook |
| 082 | 0 | 4 | _a345.46052 |
| 245 | 0 | 3 |
_aLa investigación criminal y sus consecuencias jurídicas / _cJosé Collado Medina (coord.) |
| 264 | 1 |
_aMadrid : _bEditorial Dykinson, S.L., _c[2010] |
|
| 300 | _a1 online resource. | ||
| 336 |
_atext _btxt _2rdacontent |
||
| 337 |
_acomputer _bc _2rdamedia |
||
| 338 |
_aonline resource _bcr _2rdacarrier |
||
| 504 | _aIncludes bibliographical references. | ||
| 505 | 0 | _aSistema de seguridad español y modelos policiales comparados / Lucio Toval Martín -- Fenomenología del delito : delincuencia tradicional y nuevas formas de delincuencia / Rafael J. Pardo Mateos -- Investigación criminal y medicina legal / José Luís González Más -- Criminalística y policía científica / José Miguel Otero Soriano -- Respuestas político-criminales a la delincuencia internacional : narcotráfico y terrorismo / Ricardo Magaz Álvarez -- Violencia en el ámbito familiar ; Delincuencia juvenil ; Prueba y proceso penal / Alicia Rodríguez Núñez -- Fundamentos de psicología forense / Antonio L. Manzanero Puebla -- Victimología / Yolanda Pecharromán Lobo -- Reinserción social y sistema penitenciario español / Dra. Alicia Rodríguez Núñez -- El blanqueo de capitales : una aproximación / José Collado Medina. | |
| 588 | 0 | _aOnline resource; title from PDF title page (Digitalia, viewed November 30, 2017) | |
| 650 | 0 |
_aCriminal investigation _zSpain. |
|
| 650 | 0 |
_aCriminal procedure _zSpain. |
|
| 655 | 0 | _aElectronic books. | |
| 700 | 1 |
_aCollado Medina, José, _eeditor, _eeditor. |
|
| 776 | 0 | 8 |
_iPrint version: _tInvestigación criminal y sus consecuencias jurídicas. _dMadrid : Editorial Dykinson, ©2010 _z9788499820958 _w(OCoLC)760286308 |
| 791 | 2 |
_aDigitalia (Firm), _edistributor. |
|
| 793 | 0 |
_gDigitalia eBook Collection: _aDykinson Editorial. |
|
| 856 | 4 | 0 |
_3Digitalia Hispánica _uhttps://www.digitaliapublishing.com/a/24344/ |
| 910 | _aPremium collection: 2017 | ||
| 942 | _cRAA | ||
| 999 |
_c238341 _d238341 |
||